<?xml version="1.0" encoding="UTF-8"?><?xml-stylesheet type="text/xsl" href="static/style.xsl"?><OAI-PMH xmlns="http://www.openarchives.org/OAI/2.0/" xmlns:xsi="http://www.w3.org/2001/XMLSchema-instance" xsi:schemaLocation="http://www.openarchives.org/OAI/2.0/ http://www.openarchives.org/OAI/2.0/OAI-PMH.xsd"><responseDate>2026-04-18T06:46:57Z</responseDate><request verb="GetRecord" identifier="oai:www.recercat.cat:10230/42391" metadataPrefix="marc">https://recercat.cat/oai/request</request><GetRecord><record><header><identifier>oai:recercat.cat:10230/42391</identifier><datestamp>2025-12-24T08:49:17Z</datestamp><setSpec>com_2072_6</setSpec><setSpec>col_2072_452952</setSpec></header><metadata><record xmlns="http://www.loc.gov/MARC21/slim" xmlns:dcterms="http://purl.org/dc/terms/" xmlns:xsi="http://www.w3.org/2001/XMLSchema-instance" xmlns:doc="http://www.lyncode.com/xoai" xsi:schemaLocation="http://www.loc.gov/MARC21/slim http://www.loc.gov/standards/marcxml/schema/MARC21slim.xsd">
   <leader>00925njm 22002777a 4500</leader>
   <datafield ind2=" " ind1=" " tag="042">
      <subfield code="a">dc</subfield>
   </datafield>
   <datafield ind2=" " ind1=" " tag="720">
      <subfield code="a">Marín, Victoria I.</subfield>
      <subfield code="e">author</subfield>
   </datafield>
   <datafield ind2=" " ind1=" " tag="720">
      <subfield code="a">Asensio-Pérez, Juan I.</subfield>
      <subfield code="e">author</subfield>
   </datafield>
   <datafield ind2=" " ind1=" " tag="720">
      <subfield code="a">Villagrá-Sobrino, Sara L.</subfield>
      <subfield code="e">author</subfield>
   </datafield>
   <datafield ind2=" " ind1=" " tag="720">
      <subfield code="a">Hernández Leo, Davinia</subfield>
      <subfield code="e">author</subfield>
   </datafield>
   <datafield ind2=" " ind1=" " tag="720">
      <subfield code="a">García-Sastre, Sara</subfield>
      <subfield code="e">author</subfield>
   </datafield>
   <datafield ind2=" " ind1=" " tag="260">
      <subfield code="c">2019-10-04T11:12:39Z</subfield>
   </datafield>
   <datafield ind2=" " ind1=" " tag="260">
      <subfield code="c">2018</subfield>
   </datafield>
   <datafield ind2=" " ind1=" " tag="520">
      <subfield code="a">This article describes a study of online collaborative design in the context of teacher professional development. Twenty-five teachers from different Spanish universities participated in the online course. The aim was to understand how to support teachers in interuniversity teams to collaborate fully online throughout the learning design process of a scenario based on their discipline integrating information and communications technology (ICT), an issue scarcely tackled in the literature. The described interpretive study, using mixed methods, explores the support of online co-design provided by a novel ICT community platform named ILDE (Integrated Learning Design Environment). Lessons drawn from the results can contribute to the improvement of online collaborative design processes in the context of teacher professional development.</subfield>
   </datafield>
   <datafield ind2=" " ind1=" " tag="520">
      <subfield code="a">This work has been partially supported by the Spanish Ministry of Science, Innovation and Universities [project EDU2017-84223-R], the Spanish State Research Agency (AEI) [projects TIN2017-85179-C3-2-R and TIN2014-53199-C3-2-R, TIN2014-53199-C3-3-R and TIN2017-85179-C3-3-R], the Regional Government of Castilla y León and the European Regional Development Fund [project VA018U16], the European Commission [project 588438-EPP-1-2017-1-EL-EPPKA2-KA], the Spanish Ministry of Economy and Competitiveness [project MDM-2015-0502] and RecerCaixa (CoT).</subfield>
   </datafield>
   <datafield tag="653" ind2=" " ind1=" ">
      <subfield code="a">Collaborative design</subfield>
   </datafield>
   <datafield tag="653" ind2=" " ind1=" ">
      <subfield code="a">Learning design</subfield>
   </datafield>
   <datafield tag="653" ind2=" " ind1=" ">
      <subfield code="a">Teacher professional development</subfield>
   </datafield>
   <datafield tag="653" ind2=" " ind1=" ">
      <subfield code="a">Online learning</subfield>
   </datafield>
   <datafield tag="653" ind2=" " ind1=" ">
      <subfield code="a">University teachers</subfield>
   </datafield>
   <datafield ind2="0" ind1="0" tag="245">
      <subfield code="a">Supporting online collaborative design for teacher professional development</subfield>
   </datafield>
</record></metadata></record></GetRecord></OAI-PMH>